Online Catalogue and eLibrary

Sati, the blessing and the curse : (Record no. 85)

MARC details
000 -LEADER
fixed length control field 00840cam a2200229 a 4500
001 - CONTROL NUMBER
control field 615569
005 - DATE AND TIME OF LATEST TRANSACTION
control field 20231127050645.0
008 - FIXED-LENGTH DATA ELEMENTS--GENERAL INFORMATION
fixed length control field 920720s1994 nyuab b 001 0 eng
020 ## - INTERNATIONAL STANDARD BOOK NUMBER
ISBN 0195077717 (cloth : acidfree paper) :
020 ## - INTERNATIONAL STANDARD BOOK NUMBER
ISBN 0195077741 (pbk. : acidfree paper) :
040 ## - CATALOGING SOURCE (பட்டியலாக்க மூலம்)
Original cataloging agency DLC
Transcribing agency DLC
Modifying agency DLC
082 00 - DDC Classification
Class No. 392
DDC Edition Number 20
245 00 - TITLE STATEMENT
Title Sati, the blessing and the curse :
Remainder of title the burning of wives in India /
Statement of responsibility, etc. edited by John Stratton Hawley.
260 ## - PUBLICATION, DISTRIBUTION, ETC.
Place of publication, distribution, etc. New York :
Name of publisher, distributor, etc. Oxford University Press,
Date of publication, distribution, etc. 1994.
300 ## - PHYSICAL DESCRIPTION
Extent (e.g. Volumes, Pages etc.) xii, 214 p. :
500 ## - GENERAL NOTE
General note "A project of the Southern Asian Institute, Columbia University".
650 #0 - SUBJECT ADDED ENTRY--TOPICAL TERM
Topical term or geographic name entry element Sati.
700 1# - ADDED ENTRY--PERSONAL NAME
Personal name Hawley, John Stratton,
Relator term (Role) Editor
856 42 - ELECTRONIC LOCATION AND ACCESS
Uniform Resource Identifier <a href="http://www.loc.gov/catdir/enhancements/fy0603/92023468-d.html">http://www.loc.gov/catdir/enhancements/fy0603/92023468-d.html</a>
856 42 - ELECTRONIC LOCATION AND ACCESS
Uniform Resource Identifier <a href="http://www.loc.gov/catdir/enhancements/fy0725/92023468-b.html">http://www.loc.gov/catdir/enhancements/fy0725/92023468-b.html</a>
942 ## - Koha item type (Biblio)
Koha item type Books in Stacks (Lending)
Holdings
Lost status Damaged status Collection code Home library Current library Date acquired Full call number Accession Number Item type
    Lending WERC Library WERC Library 11/27/2023 392 2188 Books in Stacks (Lending)

© WERC Library